MARC details
| 000 -CABECERA |
| campo de control de longitud fija |
01264cam a22003377a 4500 |
| 001 - NÚMERO DE CONTROL |
| campo de control |
000004254 |
| 005 - FECHA Y HORA DE LA ÚLTIMA TRANSACCIÓN |
| campo de control |
20200929151422.0 |
| 008 - DATOS DE LONGITUD FIJA--INFORMACIÓN GENERAL |
| campo de control de longitud fija |
050509s2004 bl a b f000 0 por d |
| 010 ## - NÚMERO DE CONTROL DE LA BIBLIOTECA DEL CONGRESO |
| Número de control de LC |
2005343516 |
| 020 ## - NÚMERO INTERNACIONAL ESTÁNDAR DEL LIBRO |
| Número Internacional Estándar del Libro |
8533302789 |
| 035 ## - NÚMERO DE CONTROL DEL SISTEMA |
| Número de control de sistema |
(OCoLC)ocm56346982 |
| 040 ## - FUENTE DE LA CATALOGACIÓN |
| Centro catalogador/agencia de origen |
DO-SdBNP |
| Lengua de catalogación |
spa |
| Centro/agencia transcriptor |
BNPHU |
| -- |
UBY |
| Centro/agencia modificador |
OCLCQ |
| -- |
DLC |
| 041 0# - CÓDIGO DE LENGUA |
| Código de lengua del texto/banda sonora o título independiente |
por |
| -- |
eng |
| 042 ## - CÓDIGO DE AUTENTICACIÓN |
| Código de autenticación |
lccopycat |
| -- |
lcode |
| 050 00 - SIGNATURA TOPOGRÁFICA DE LA BIBLIOTECA DEL CONGRESO |
| Número de clasificación |
N6659.M86 |
| Número de documento/Ítem |
M86 2004 |
| 049 ## - FONDOS LOCALES (OCLC) |
| Fondos de biblioteca |
BNGR |
| 100 1# - ENTRADA PRINCIPAL--NOMBRE DE PERSONA |
| Nombre de persona |
Muniz, Vik. |
| 9 (RLIN) |
12573 |
| 245 10 - MENCIÓN DE TÍTULO |
| Título |
Vik Muniz : |
| Resto del título |
obra incompleta = Incomplete works / |
| Mención de responsabilidad, etc. |
textos, James Elkins, Moacir dos Anjos, Shelley Rice. |
| 246 30 - FORMA VARIANTE DE TÍTULO |
| Título propio/Titulo breve |
Obra incompleta |
| 246 31 - FORMA VARIANTE DE TÍTULO |
| Título propio/Titulo breve |
Incomplete works |
| 260 ## - PUBLICACIÓN, DISTRIBUCIÓN, ETC. |
| Lugar de publicación, distribución, etc. |
Rio de Janeiro, RJ, Brasil : |
| Nombre del editor, distribuidor, etc. |
Ministerio da Cultura, Fundacao Biblioteca Nacional ; |
| Lugar de publicación, distribución, etc. |
[Sao Paulo, Brazil] : |
| Nombre del editor, distribuidor, etc. |
Safra Instituto Cultural, |
| Fecha de publicación, distribución, etc. |
[2004?]. |
| 300 ## - DESCRIPCIÓN FÍSICA |
| Extensión |
299 p. : |
| Otras características físicas |
ill. (chiefly col.) ; |
| Dimensiones |
29 cm. |
| 546 ## - NOTA DE LENGUA/LENGUAJE |
| Nota de lengua/lenguaje |
Portuguese and English. |
| 500 ## - NOTA GENERAL |
| Nota general |
Lista cronológica de las obras del autor: p. 296-297. |
| 504 ## - NOTA DE BIBLIOGRAFÍA, ETC. |
| Nota de bibliografía, etc. |
Incluye referencias bibliográficas (p. 297-299). |
| 600 10 - PUNTO DE ACCESO ADICIONAL DE MATERIA--NOMBRE DE PERSONA |
| Nombre de persona |
Muniz, Vik |
| Subdivisión general |
Criticism and interpretation. |
| 9 (RLIN) |
12574 |
| 700 1# - PUNTO DE ACCESO ADICIONAL--NOMBRE DE PERSONA |
| Nombre de persona |
Elkins, James, |
| Fechas asociadas al nombre |
1955- |
| 9 (RLIN) |
12575 |
| 700 1# - PUNTO DE ACCESO ADICIONAL--NOMBRE DE PERSONA |
| Nombre de persona |
Anjos, Moacir dos. |
| 9 (RLIN) |
12576 |
| 700 1# - PUNTO DE ACCESO ADICIONAL--NOMBRE DE PERSONA |
| Nombre de persona |
Rice, Shelley. |
| 9 (RLIN) |
12577 |
| 910 ## - DATOS DE OPCIÓN DEL USUARIO (OCLC) |
| Datos de opción del usuario |
Catalogación por copia / LC |